Central Library OPAC University of Rajshahi

Innovations in science and technology education / (Record no. 53905)

MARC details
000 -LEADER
fixed length control field 00733nam a2200253 a 4500
001 - CONTROL NUMBER
control field 53905
003 - CONTROL NUMBER IDENTIFIER
rucl marc code BD-RjUL
005 - DATE AND TIME OF LATEST TRANSACTION
control field 20211209080036.0
008 - FIXED-LENGTH DATA ELEMENTS--GENERAL INFORMATION
fixed length control field 161029s1988 e a|||| |||| 00| 0 eng d
020 ## - INTERNATIONAL STANDARD BOOK NUMBER
International Standard Book Number 9231025309 (vol 2)
035 ## - SYSTEM CONTROL NUMBER
System control number (BD-RjUL)54027
040 ## - CATALOGING SOURCE
Original cataloging agency BD-RjUL
Language of cataloging eng
Transcribing agency BD-RjUL
041 ## - LANGUAGE CODE
Language code of text/sound track or separate title eng
082 ## - DEWEY DECIMAL CLASSIFICATION NUMBER
Classification number 507
Author mark and year INN 1988
245 00 - TITLE STATEMENT
Title Innovations in science and technology education /
Statement of responsibility, etc. Edited by David Layton
260 ## - PUBLICATION, DISTRIBUTION, ETC. (IMPRINT)
Place of publication, distribution, etc. Belgium :
Name of publisher, distributor, etc. UNESCO,
Date of publication, distribution, etc. 1988
300 ## - PHYSICAL DESCRIPTION
Pagination V. :
Illustrations ill. ;
Size 24 cm.
505 ## - FORMATTED CONTENTS NOTE
Formatted contents note Vol.-1 ---
650 ## - SUBJECT ADDED ENTRY--TOPICAL TERM
Topical term or geographic name as entry element Science
General subdivision Study and teaching.
9 (RLIN) 161004
Topical term or geographic name as entry element Technical education
9 (RLIN) 161005
Topical term or geographic name as entry element Educational innovations
9 (RLIN) 149149
700 ## - ADDED ENTRY--PERSONAL NAME
Personal name Layton, David
942 ## - ADDED ENTRY ELEMENTS (KOHA)
Source of classification or shelving scheme Dewey Decimal Classification
Koha item type Books
Holdings
Lost status Source of classification or shelving scheme Damaged status Not for loan Collection code Permanent Location Current Location Shelving location Date acquired Source of acquisition Total Checkouts Full call number Date last seen Copy number Koha item type
  Dewey Decimal Classification     Non-fiction Central Library, University of Rajshahi Central Library, University of Rajshahi   19/12/1988 Asia Foundation   507 INN V-2 1988 29/10/2016 C-2 Books